| 000 | 00703nam a2200217 i 4500 | ||
|---|---|---|---|
| 001 | 186852 | ||
| 003 | ES-MaACL | ||
| 005 | 20230906222745.0 | ||
| 008 | 170222s1910 sp |||| | spa d | ||
| 080 | _a821.134.2-32"19" | ||
| 100 | 1 |
_aBassi, Abelardo. _9161849 |
|
| 245 | 1 | 0 |
_aEmpezando a vivir / _c[autor, Abelardo Bassi] ; ilustraciones de Pueyo. |
| 260 |
_aMadrid : _bLos Contemporáneos, _c1910. |
||
| 300 |
_a[20] p. : _bil. ; _c28 cm. |
||
| 490 | 1 |
_aLos contemporáneos ; _v98 |
|
| 594 | _aEn cub.: Novela de nuestro concurso, lema: sangre. | ||
| 700 | 1 |
_aPueyo, J. _9161712 |
|
| 830 | 0 |
_aLos contemporáneos ; _v98 _9185715 |
|
| 852 |
_aES-MaACL _jR-2599(19) |
||
| 999 |
_c186852 _d186852 |
||